<?xml version="1.0" encoding="UTF-8"?>
<record
    xmlns:xsi="http://www.w3.org/2001/XMLSchema-instance"
    xsi:schemaLocation="http://www.loc.gov/MARC21/slim http://www.loc.gov/standards/marcxml/schema/MARC21slim.xsd"
    xmlns="http://www.loc.gov/MARC21/slim">

  <leader>00973nam a2200253 a 4500</leader>
  <controlfield tag="001">BRCA_1252</controlfield>
  <controlfield tag="005">20190320203341.0</controlfield>
  <controlfield tag="008">930408s1989    mx-a---##b---#000-0dspa-u</controlfield>
  <datafield tag="040" ind1=" " ind2=" ">
    <subfield code="a">DLC</subfield>
    <subfield code="c">DLC</subfield>
    <subfield code="d">DLC</subfield>
  </datafield>
  <datafield tag="050" ind1=" " ind2="4">
    <subfield code="a">ND1432</subfield>
    <subfield code="b">.A76 1989</subfield>
  </datafield>
  <datafield tag="100" ind1="1" ind2=" ">
    <subfield code="a">Armella de Aspe, Virginia</subfield>
    <subfield code="9">2324</subfield>
  </datafield>
  <datafield tag="245" ind1="1" ind2="0">
    <subfield code="a">Tesoros de la Pinacoteca Virreinal</subfield>
    <subfield code="c">Virginia Armella de Aspe, Mercedes Meade de Angulo.</subfield>
  </datafield>
  <datafield tag="260" ind1=" " ind2=" ">
    <subfield code="a">M&#xE9;xico</subfield>
    <subfield code="b">Mercantil de M&#xE9;xico</subfield>
    <subfield code="c">1989</subfield>
  </datafield>
  <datafield tag="300" ind1=" " ind2=" ">
    <subfield code="a">214 p.</subfield>
    <subfield code="b">il.</subfield>
    <subfield code="c">30 cm.</subfield>
  </datafield>
  <datafield tag="504" ind1=" " ind2=" ">
    <subfield code="a">Bibliograf&#xED;a: p. 193-194</subfield>
  </datafield>
  <datafield tag="610" ind1="2" ind2="4">
    <subfield code="a">Pinacoteca Virreinal de San Diego (M&#xE9;xico (Ciudad), M&#xE9;xico)</subfield>
    <subfield code="9">4124</subfield>
  </datafield>
  <datafield tag="650" ind1="1" ind2="4">
    <subfield code="a">Pintura mexicana</subfield>
    <subfield code="v">Cat&#xE1;logos</subfield>
    <subfield code="9">3411</subfield>
  </datafield>
  <datafield tag="650" ind1="1" ind2="4">
    <subfield code="a">Pintura colonial</subfield>
    <subfield code="v">Cat&#xE1;logos</subfield>
    <subfield code="z">M&#xE9;xico</subfield>
    <subfield code="9">3412</subfield>
  </datafield>
  <datafield tag="650" ind1="1" ind2="4">
    <subfield code="a">Arte cristiano y simbolismo</subfield>
    <subfield code="v">Cat&#xE1;logos</subfield>
    <subfield code="z">M&#xE9;xico</subfield>
    <subfield code="9">380</subfield>
  </datafield>
  <datafield tag="650" ind1="1" ind2="4">
    <subfield code="a">Pintura espa&#xF1;ola</subfield>
    <subfield code="v">Cat&#xE1;logos</subfield>
    <subfield code="9">3731</subfield>
  </datafield>
  <datafield tag="700" ind1="1" ind2=" ">
    <subfield code="a">Meade de Angulo, Mercedes</subfield>
    <subfield code="9">281</subfield>
  </datafield>
  <datafield tag="710" ind1="2" ind2=" ">
    <subfield code="a">Pinacoteca Vireinal de San Diego (M&#xE9;xico (Ciudad), M&#xE9;xico)</subfield>
    <subfield code="9">4125</subfield>
  </datafield>
  <datafield tag="942" ind1=" " ind2=" ">
    <subfield code="2">lcc</subfield>
    <subfield code="c">B</subfield>
  </datafield>
  <datafield tag="999" ind1=" " ind2=" ">
    <subfield code="c">1122</subfield>
    <subfield code="d">1122</subfield>
  </datafield>
  <datafield tag="952" ind1=" " ind2=" ">
    <subfield code="0">0</subfield>
    <subfield code="1">0</subfield>
    <subfield code="4">0</subfield>
    <subfield code="7">0</subfield>
    <subfield code="a">BRCA</subfield>
    <subfield code="b">BRCA</subfield>
    <subfield code="d">2008-06-26</subfield>
    <subfield code="l">0</subfield>
    <subfield code="o">ND1432 .A76 1989</subfield>
    <subfield code="p">01754</subfield>
    <subfield code="r">2019-03-22 00:00:00</subfield>
    <subfield code="w">2019-03-22</subfield>
    <subfield code="y">B</subfield>
  </datafield>
</record>
